Online
Catalog

Historia económica y financiera de la República Dominicana 1844-1962 : (Record no. 4530)

MARC details
000 -CABECERA
campo de control de longitud fija 02854nam a2200349 i 4500
001 - NÚMERO DE CONTROL
campo de control 000004724
003 - IDENTIFICADOR DEL NÚMERO DE CONTROL
campo de control DO-SdBNP
005 - FECHA Y HORA DE LA ÚLTIMA TRANSACCIÓN
campo de control 20250123082525.0
007 - CAMPO FIJO DE DESCRIPCIÓN FÍSICA--INFORMACIÓN GENERAL
campo de control de longitud fija ta
008 - DATOS DE LONGITUD FIJA--INFORMACIÓN GENERAL
campo de control de longitud fija 090725s1996 dr a r 000 0 spa d
040 ## - FUENTE DE LA CATALOGACIÓN
Centro catalogador/agencia de origen DO-SdBNP
Lengua de catalogación spa
Centro/agencia transcriptor BNPHU
Normas de descripción rda
041 ## - CÓDIGO DE LENGUA
Código de lengua original spa
082 #4 - NÚMERO DE LA CLASIFICACIÓN DECIMAL DEWEY
Número de clasificación 330.97293
Número de documento/Ítem F825h
Número de edición 22
100 1# - ENTRADA PRINCIPAL--NOMBRE DE PERSONA
Nombre de persona Franco Pichardo, Franklin
Fechas asociadas al nombre 1936-
Término indicativo de función/relación autor
9 (RLIN) 34417
245 10 - MENCIÓN DE TÍTULO
Título Historia económica y financiera de la República Dominicana 1844-1962 :
Resto del título Introducción a su estudio /
Mención de responsabilidad, etc. Franklin Franco Pichardo ; edición, Eduberto Fernández.
250 ## - MENCIÓN DE EDICIÓN
Mención de edición
264 ## - PRODUCCIÓN, PUBLICACIÓN, DISTRIBUCIÓN, FABRICACIÓN Y COPYRIGHT
Producción, publicación, distribución, fabricación y copyright Santo Domingo :
Nombre del de productor, editor, distribuidor, fabricante Universidad Autónoma de Santo Domingo
Fecha de producción, publicación, distribución, fabricación o copyright 1996.
300 ## - DESCRIPCIÓN FÍSICA
Extensión 306 páginas :
Otras características físicas ilustraciones ;
Dimensiones 21 cm.
336 ## - TIPO DE CONTENIDO
Fuente rdacontent
Término de tipo de contenido texto
Código de tipo de contenido txt
337 ## - TIPO DE MEDIO
Fuente rdamedia
Nombre/término del tipo de medio sin mediación
Código del tipo de medio n
338 ## - TIPO DE SOPORTE
Fuente rdacarrier
Nombre/término del tipo de soporte volumen
Código del tipo de soporte nc
490 1# - MENCIÓN DE SERIE
Mención de serie Publicaciones de la Universidad Autónoma de Santo Domingo
Designación de volumen o secuencia 780
490 1# - MENCIÓN DE SERIE
Mención de serie Historia y Sociedad
Designación de volumen o secuencia 85
505 ## - NOTA DE CONTENIDO CON FORMATO
Nota de contenido con formato Perfil de la situación económica del mundo occidental en la época de la Independencia Nacional y años inmediatamente posteriores -- Antecedentes -- Estructura de la economía: 1844-1870 25 -- Los problemas monetarios -- La economía durante la anexión -- Estado y administración pública -- De las compañías de crédito al endeudamiento exterior -- El repunte y caída de la industria azucarera -- Cambios en la política económica: 1865-1880 -- Tratado de libre cambio con Estados Unidos 1891-1894 -- Población 1844-1900 -- La crisis monetaria y la guerra internacional entre el oro y la plata -- La economía a finales del siglo XIX y los empréstitos con la Wesntendorp y la Santo Domingo Improvement Company -- Los primeros bancos: antecedentes -- Medios de comunicación: 1844-1924 -- La descomposición del campesinado -- La industria, la agricultura y la ganadería desde principios de siglo a 1920 -- La consolidación de la hegemonía norteamericana en la economía nacional -- La convención de 1907 y las reformas económicas del régimen de Cáceres -- El caos político afecta la economía y la administración pública -- La política económica de la dictadura militar norteamericana: 1916-1922 -- La situación económica entre 1922-1930 -- La crisis mundial de 1929 y sus repercusiones, años después -- La economía nacional entre 1935 y segunda guerra mundial -- De la segunda guerra mundial a la creación de la moneda nacional .
590 ## - NOTA LOCAL (RLIN)
Nota local Inventariado, 2021/VM
650 #4 - PUNTO DE ACCESO ADICIONAL DE MATERIA--TÉRMINO DE MATERIA
Término de materia o nombre geográfico como elemento de entrada Finanzas
Subdivisión general República Dominicana
-- Historia
Subdivisión cronológica 1844-1962
9 (RLIN) 13745
651 #4 - PUNTO DE ACCESO ADICIONAL DE MATERIA--NOMBRE GEOGRÁFICO
Nombre geográfico República Dominicana
Subdivisión general Condiciones económicas
-- Historia
Subdivisión cronológica 1844-1962
9 (RLIN) 13746
651 #4 - PUNTO DE ACCESO ADICIONAL DE MATERIA--NOMBRE GEOGRÁFICO
Nombre geográfico República Dominicana
Subdivisión general Política económica
-- Historia
Subdivisión cronológica 1844-1962
9 (RLIN) 13747
700 1# - PUNTO DE ACCESO ADICIONAL--NOMBRE DE PERSONA
Nombre de persona Fernández, Eduberto,
Término indicativo de función/relación edición
9 (RLIN) 13748
910 ## - DATOS DE OPCIÓN DEL USUARIO (OCLC)
Datos de opción del usuario VMateo Validado. Control de calidad. MFF
942 ## - ELEMENTOS DE PUNTO DE ACCESO ADICIONAL (KOHA)
Fuente del sistema de clasificación o colocación Dewey Decimal Classification
Tipo de ítem Koha Libro
Holdings
Estado de retiro Estado de pérdida Fuente del sistema de clasificación o colocación Restricciones de uso No para préstamo Código de colección Localización permanente Ubicación/localización actual Ubicación en estantería Fecha de adquisición Número de inventario Total de préstamos Signatura topográfica completa Código de barras Fecha visto por última vez Precio válido a partir de Tipo de ítem Koha Número de copia Fuente de adquisición Nota pública
    Dewey Decimal Classification Excluido de préstamo   Patrimonio Dominicano Biblioteca Nacional Pedro Henríquez Ureña Biblioteca Nacional Pedro Henríquez Ureña Depósito 25.07.2009   BNPHU PD 330.97293 F825h 4724-10 25.06.2020 25.06.2020 Libro      
    Dewey Decimal Classification Excluido de préstamo   Patrimonio Dominicano Biblioteca Nacional Pedro Henríquez Ureña Biblioteca Nacional Pedro Henríquez Ureña Depósito 19.11.2009   BNPHU PD 330.97293 F825h 4724-20 25.06.2020 25.06.2020 Libro e. 2    
    Dewey Decimal Classification Préstamo en sala   Dominicana de Servicio Biblioteca Nacional Pedro Henríquez Ureña Biblioteca Nacional Pedro Henríquez Ureña En catalogación 23.01.2025     BNPHU DS 330.97293 F825h 2025-0269 23.01.2025 23.01.2025 Libro e.3 Donado por la Presidencia de la República Dominicana 2023 Pertenecio a la biblioteca personal de Emilio Cordero Michel

Powered by Koha